| 000 | 02424cam a22005894i 4500 | ||
|---|---|---|---|
| 003 | PE-LiUPU | ||
| 005 | 20250731180156.0 | ||
| 008 | 150508s2007 sp a rb 000 0 spa d | ||
| 020 | _a8482408402 | ||
| 020 | _a9788482408408 | ||
| 035 | _a(Sirsi) i9788482408408 | ||
| 040 |
_aPE-LiUPU _bspa _cPE-LiUPU _erda |
||
| 049 | _aPRUA | ||
| 082 | 0 | 4 |
_a551.49 _bP95 _220 |
| 100 | 1 |
_aPulido Bosch, Antonio, _eautor. |
|
| 245 | 1 | 0 |
_aNociones de hidrogeología para ambientólogos / _cAntonio Pulido Bosch. |
| 264 | 1 |
_aAlmería : _bUniversidad de Almería. Editorial Universidad de Almería, _c2007. |
|
| 300 |
_a492 páginas : _bilustraciones ; _c24 centímetros |
||
| 336 |
_atext _2rdacontent |
||
| 337 |
_aunmediated _2rdamedia |
||
| 338 |
_avolume _2rdacarrier |
||
| 504 | _aIncluye bibliografía. | ||
| 505 | 0 | _aIntroducción general -- Componentes del ciclo hidrológico -- Hidráulica subterránea -- Hidrogeoquímica y contaminación -- Técnicas auxiliares en hidrología -- Captación de acuíferos -- Hidrogeología específica. | |
| 526 | _aSEG44 | ||
| 526 | _aSEG26 | ||
| 526 | _aP159 | ||
| 526 | _aP155 | ||
| 526 | _aP154 | ||
| 526 | _aP153 | ||
| 526 | _aP150 | ||
| 526 | _aP100 | ||
| 526 | _aP31 | ||
| 526 | _aP30 | ||
| 526 | _aP26 | ||
| 526 | _aP25 | ||
| 526 | _aP24 | ||
| 526 | _aP22 | ||
| 526 | _aP15 | ||
| 526 | _aP10 | ||
| 541 | _g003-001466; | ||
| 541 | _g0020-0000647; | ||
| 650 | 7 |
_aHidrogeología. _2embne |
|
| 910 |
_acce _bjck _ccce _d20150508 |
||
| 910 |
_adbm _bsag _csag _d20190415 |
||
| 942 |
_2ddc _cBOOK |
||
| 949 |
_a551.49 P95 _wDEWEY _c1 _i70933 _lCCODEBUL1 _mBUL _p58.60 _r0 _sY _tBOOK _u2015-5-8 _xINGENIERIA _PP24 _0COMPRA _o.STAFF. Colección General |
||
| 949 |
_a551.49 P95 _wDEWEY _c2 _i73997 _lCCODEBUL1 _mBUL _p36.13 _r0 _sY _tBOOK _u2016-7-7 _xINGENIERIA _PP24 _0COMPRA _o.STAFF. Colección General |
||
| 994 |
_aC0 _bPEPRU |
||
| 596 | _a1 | ||
| 999 |
_a628.1 P95 _wDEWEY _c60294 _i70933 _d60294 _e2019-5-21 _f2019-12-11 _g8 _lDISCARD _mBUL _n1 _p58.60 _q1 _r1 _sY _tBOOK _u2015-5-8 _xINGENIERIA _PP24 _0COMPRA _o.STAFF. Colección General |
||
| 999 |
_a628.1 P95 _wDEWEY _c2 _i73997 _f2021-11-9 _g6 _lCCODEBUL1 _mBUL _p36.13 _r0 _sY _tBOOK _u2016-7-7 _xINGENIERIA _PP24 _0COMPRA _o.STAFF. Colección General |
||
| 980 |
_81 _gALBERTO SANCHEZ Responsable de Automatización |
||